Statistics for Asian Cities by Picture #1

Click here to take the quiz!

General Stats

  • This quiz has been taken 74 times
  • The average score is 11 of 15

Answer Stats

Answer % Correct
Tokyo
95%
Singapore
92%
Shanghai
89%
Jerusalem
84%
Istanbul
80%
Beijing
80%
Bangkok
78%
Mecca
73%
Seoul
70%
Tehran
64%
Osaka
58%
Yangon
56%
Kabul
53%
Abu Dhabi
42%
Kathmandu
41%

Score Distribution

Percentile by Number Answered

Percent of People with Each Score

Your Score History

You have not taken this quiz